Podnikové početníctví pro každého základy účetní techniky a organizace s příklady

Uložené v:
Podrobná bibliografia
Médium: Kniha
Jazyk:Czech
Vydavateľské údaje: Praha Státní ůstav pro učební pomůcky průmyslových a odborných škol 1948
Tagy: Pridať tag
Žiadne tagy, Buďte prvý, kto otaguje tento záznam!

MARC

LEADER 00000nam a2200000 4500
001 0267635
005 20240822101709.2
041 0 |a cze 
044 |a CZ 
245 1 0 |a Podnikové početníctví pro každého  |b základy účetní techniky a organizace s příklady  |c Svatomír Fuks 
264 1 |a Praha  |b Státní ůstav pro učební pomůcky průmyslových a odborných škol  |c 1948